000 00706nam a22001817a 4500
005 20221214125804.0
008 221214b xxu||||| |||| 00| 0 eng d
040 _aLB-BrCRDP
041 _aara
082 _a418.34 CRDP
110 _aالمركز التربوي للبحوث والانماء
245 _aأهداف منهج تدريس اللغة العربية لغير الناطقين بها
260 _aبيروت
_bالمركز التربوي للبحوث والانماء
300 _b24 cm.
650 _aالتعليم -- لبنان -- اللغة العربية -- منهج
_9150
650 _aمنهج -- اللغة العربية -- لغة ثانية -- لبنان
942 _2ddc
_cBK
999 _c23879
_d23879